|
|
|
|
| LEADER |
01314nam a2200301 a 4500 |
| 001 |
14959855 |
| 008 |
090720s2008 caua b 000 0 eng d |
| 010 |
|
|
|a 2007033164
|
| 020 |
|
|
|a 9781412953665 (pbk.)
|
| 020 |
|
|
|a 1412953669 (pbk.)
|
| 040 |
|
|
|a DLC
|c DLC
|d YDX
|d BAKER
|d BTCTA
|d YDXCP
|d DLC
|
| 082 |
0 |
0 |
|a 300.72
|2 22
|
| 100 |
1 |
|
|a McIntyre, Alice,
|d 1956-
|
| 245 |
1 |
0 |
|a Participatory action research /
|c Alice McIntyre.
|
| 260 |
|
|
|a Los Angeles :
|b Sage Publications,
|c c2008.
|
| 300 |
|
|
|a xviii, 79 p. :
|b ill. ;
|c 22 cm.
|
| 490 |
1 |
|
|a Qualitative research methods ;
|v 52
|
| 504 |
|
|
|a Includes bibliographical references (p. 71-78).
|
| 505 |
0 |
|
|a Participatory action research -- Participation: what it means and how it works -- Action and change in participatory action research -- What constitutes "research" in participatory action research? -- Concluding reflections.
|
| 541 |
1 |
|
|e 00018447
|
| 650 |
|
0 |
|a Social sciences
|x Research.
|
| 650 |
|
0 |
|a Action research.
|
| 650 |
|
0 |
|a Communities
|x Research.
|
| 650 |
|
0 |
|a Social participation.
|
| 650 |
|
0 |
|a Group problem solving.
|
| 852 |
4 |
|
|a School of Public Health.
|
| 999 |
|
|
|c 2553
|d 2553
|
| 952 |
|
|
|0 0
|1 0
|2 ddc
|4 0
|6 300_720000000000000_MCL
|7 0
|9 2327
|a JPGSPH
|b JPGSPH
|d 2009-04-28
|e Paragon Enterprise Ltd. Dhaka
|l 0
|o 300.72 MCL
|p 3060018447
|r 2009-07-21
|t 1
|w 2009-07-21
|y BK
|